Music Quiz

Random Music or Lyrics Quiz

The Bad Touch (Explicit) Quiz Stats

 Plays Quiz not verified by Sporcle

Also try: Movie Songs II
Challenge
Share
Tweet
Embed
Score 0/50 Timer 08:00
0 Plays Today
Lyrics Lyrics % Correct
So let's do it like they doon the Discovery Channel
85.2%
So let's do it like they doon the Discovery Channel
85.2%
So let's do it like they doon the Discovery Channel
85.2%
So let's do it like they doon the Discovery Channel
85.2%
So let's do it like they doon the Discovery Channel
85.2%
So let's do it like they doon the Discovery Channel
85.2%
So let's do it like they doon the Discovery Channel
85.2%
You and me babyain't nothing but mammals
83.1%
You and me babyain't nothing but mammals
83.1%
You and me babyain't nothing but mammals
83.1%
You and me babyain't nothing but mammals
83.1%
You and me babyain't nothing but mammals
83.1%
You and me babyain't nothing but mammals
83.1%
You and me babyain't nothing but mammals
83.1%
So put your hands, down my pantsand I'll bet you'll feel nuts
78.4%
Me and you do the kind of stuffthat only Prince would sing about
76.8%
To make me rise an hour earlyjust like Daylight Savings Time
74.4%
So show me yoursI'll show you mine
71.7%
{ Well now, we call thisthe act of mating.
70.9%
Do itnow
70.3%
Do itnow
70.3%
Do itnow
70.3%
Yes I'm Siskel yes I'm ****and you're getting two thumbs up
69%
I want you smothered want you coveredlike my Waffle House hashbrowns
66.5%
Gettin'horny now
65.7%
Lyrics Lyrics % Correct
Gettin'horny now
65.7%
Gettin'horny now
65.7%
Love the kind youclean up with a mop and bucket
64%
And then we'lldo it doggy style
64%
You've had enoughof two-hand touch
61.9%
You want it roughyou're out of bounds
60.8%
so we canboth watch X-files
60.8%
Sweat baby sweat babysex is a Texas drought
59.2%
Please turn me onI'm Mister Coffee
58.5%
... I'd appreciateyour input.
57.8%
Withan automatic drip
57.8%
B-5you sunk my battleship
56.4%
Do itagain now
56.1%
Do itagain now
56.1%
Do itagain now
56.1%
Hieroglyphics? Let me be PacificI wanna be down in your South Seas
55.9%
Like the lost catacombs of Egyptonly God knows where we stuck it
54%
But I got this notionthat the motion
53.4%
just like Coca-Cola stockyou are inclined
47.7%
Comin' quicker than Fedexnever reach an apex
43.8%
between human beings and animalsthat you should know about. }
41.9%
But, there are several othervery important differences
39.8%
So if I capsize onyour thighs high tide
37%
'Tool Time' you'llLovett just like Lyle
36%
of your oceanneeds small craft advisory
32.9%

You're not logged in!

Compare scores with friends on all Sporcle quizzes.
Join for Free
OR
Log In

You Might Also Like...

Show Comments

Extras

Top Quizzes Today


Score Distribution

Your Account Isn't Verified!

In order to create a playlist on Sporcle, you need to verify the email address you used during registration. Go to your Sporcle Settings to finish the process.

Report this User

Report this user for behavior that violates our Community Guidelines.

Details: